Els Tallers d'entrenament de la memòria per a la gent gran /
Descripción Física:
94 pàgines ; 21 cm
Colección:
Eines de Treball Social. Sèrie Gent gran
; 4
Otros Autores:
Palau, Núria
MARC
| LEADER | 00000nam a2200000Ia 4500 | ||
|---|---|---|---|
| 001 | 12705 | ||
| 008 | 160829s2000 xx 000 0 cat d | ||
| 080 | |a S-1-80 | ||
| 100 | |a Jódar i Vicente, Mercè |9 924 | ||
| 245 | |a Els Tallers d'entrenament de la memòria per a la gent gran / |c autora: Mercè Jòdar i Vicente ; direcció i coordinació: Núria Palau | ||
| 260 | |a Barcelona : |b Diputació de Barcelona. Area de Benestar Social, |c 2000 | ||
| 300 | |a 94 pàgines ; |c 21 cm | ||
| 490 | |a Eines de Treball Social. Sèrie Gent gran ; |v 4 | ||
| 650 | 0 | |a Persones grans |9 24017 | |
| 650 | 0 | |a Memòria en les persones grans |9 48725 |2 Arxiu | |
| 650 | |a Mnemotècnia |9 25810 | ||
| 700 | |a Palau, Núria |e director |9 25811 | ||
| 710 | 1 | |a Barcelona (Catalunya : Província). |b Àrea de Benestar Social |9 52988 | |
| 901 | |a Arxiu | ||
| 942 | |n 1 |2 udc |c ARXIU | ||
| 952 | |0 0 |1 0 |4 0 |6 S180 |7 1 |9 43801 |a Arxiu |b Arxiu |d 2016-12-01 |l 0 |o S-1-80 |p 12705 |r 2016-12-01 00:00:00 |w 2016-12-01 |y ARXIU | ||
| 952 | |0 0 |1 0 |4 0 |6 PDL |7 1 |9 62580 |a Arxiu |b Arxiu |d 2022-06-29 |l 0 |o PDL |p 26094 |r 2022-06-29 00:00:00 |w 2022-06-29 |y ARXIU |z Donatiu BGR | ||
| 999 | |c 46349 |d 46349 | ||